MARC

LEADER 00000nam0a2200000 4500
001 313104
005 20231102002541.0
035 |a (RuTPU)RU\TPU\book\338488 
090 |a 313104 
100 |a 20160113d1973 km y0rusy50 ca 
101 0 |a rus 
102 |a RU 
105 |a a z 001zy 
200 1 |a Измерительно-вычислительные приборы и системы  |f Е. А. Шорников 
205 |a 2-е изд., перераб. и доп. 
210 |a Ленинград  |c Энергия  |d 1973 
215 |a 104 с.  |c ил. 
225 1 |a Библиотека по автоматике  |v Вып. 498 
320 |a Библиогр.: с. 100-103 (60 назв.) 
606 1 |a Теплотехнические измерения  |2 stltpush  |3 (RuTPU)RU\TPU\subj\59810  |9 77307 
610 1 |a теплотехнические величины 
610 1 |a пар 
610 1 |a расход 
610 1 |a вычисление 
610 1 |a контролируемые параметры 
610 1 |a измерительно-вычислительные устройства 
610 1 |a информационно-измерительные устройства 
675 |a 621.1.002.56  |v 4 
700 1 |a Шорников  |b Е. А.  |g Евгений Алексеевич 
801 1 |a RU  |b 63413507  |c 20160113 
801 2 |a RU  |b 63413507  |c 20171023  |g RCR 
942 |c BK